| 000 | 00811nam a2200253 i 4500 | ||
|---|---|---|---|
| 001 | 66738 | ||
| 003 | ES-MaACL | ||
| 005 | 20250813015457.0 | ||
| 007 | t| | ||
| 008 | 040325s2003 sp ||||1| spa d | ||
| 020 | _a84-7490-676-8 | ||
| 080 | _a1Galilei, Galileo | ||
| 100 | 1 |
_aShea, William R. _9106039 |
|
| 245 | 1 | 0 |
_aGalileo en Roma _b: crónica de 500 días / _cWilliam R. Shea, Mariano Artigas. |
| 260 |
_aMadrid : _bEncuentro, _c[2003] |
||
| 300 |
_a238, [16] p. de lám. : _bfot. ; _c23 cm. |
||
| 490 | 1 |
_aEnsayos. Historia ; _v212 |
|
| 504 | _aBibliografía p. 225-226. Indice. | ||
| 600 | 1 | 4 |
_aGalilei, Galileo, _d1564-1642 _953419 |
| 700 | 1 |
_aArtigas, Mariano. _923467 |
|
| 830 | 0 |
_aEnsayos. Historia ; _v212 _9224368 |
|
| 852 |
_aES-MaACL _jL-27223 _bR.132860 |
||
| 999 |
_c66738 _d66738 |
||